000
00216 a2200097 4500
001
19765
100
_a
Richards, C
245
_a
Electronic display & data system
260
_a
_b
McGraw-Hill
_c
090
_c
14391
_d
14391
942
_a
NUST-CAE
_c
M
_c
4882
999
_c
254838
_d
254838